000 00478nam a22001697a 4500
999 _c102
_d102
005 20210909131439.0
008 160427b xxu||||| |||| 00| 0 eng d
020 _a81-7656-274-2
041 _aeng
082 _b00302
_a005.133
100 _aBayross, Ivan
_96926
245 _aWeb Enabled Commercial Applications Development Using. HTML. DHTML, Java Scripts, Perl CGI
250 _aRevised edition
260 _aNew Delhi
_bBPB Publishing,
_c2002
300 _a975
942 _cBK